| 000 | 01322nam a2200337 i 4500 | ||
|---|---|---|---|
| 001 | 000006735 | ||
| 003 | DO-SdBNP | ||
| 005 | 20250923122424.0 | ||
| 007 | ta | ||
| 008 | 090902s1992 dr abc r 000 0 spa d | ||
| 040 |
_aDO-SdBNP _bspa _cBNPHU _erda |
||
| 082 | 4 |
_a972.9302 _bT266v, 1992 _222 |
|
| 100 | 1 |
_aTejera R., Ramón A. _918749 |
|
| 245 | 1 | 3 |
_aEl vuelo panamericano pro Faro a Colón / _cRamón A. Tejera R. ; prólogo Gustavo Benedicto. |
| 250 | _a3a. ed. | ||
| 260 |
_aSanto Domingo : _bComisión Dominicana Permanente para la Celebración del Quinto Centenario del Descubrimiento y Evangelización de América, _c1992. |
||
| 300 |
_a317 páginas : _bilustraciones, mapas, retratos ; _c23 cm. |
||
| 336 |
_2rdacontent _atexto _btxt |
||
| 337 |
_2rdamedia _asin mediación _bn |
||
| 338 |
_2rdacarrier _avolumen _bnc |
||
| 490 | 0 |
_aQuinto Centenario. _aEstudios _v5 |
|
| 590 | _aInventariado, 2020/ YL | ||
| 600 | 1 | 4 |
_aMiranda, Andrés Feliz, _d1901-1954 _918750 |
| 600 | 1 | 4 |
_aTejeda, Ernesto, _918751 |
| 610 | 2 | 4 |
_aFaro a Colón (Santo Domingo, República Dominicana) _918752 |
| 650 | 0 |
_aAccidentes aéreos _zCali (Colombia) _93257 |
|
| 651 | 4 |
_aRepública Dominicana _xHistoria _9170 |
|
| 700 | 1 |
_aBenedicto, Gustavo, _eprólogo _918754 |
|
| 910 | _aValidado. Control de calidad. MFF | ||
| 942 |
_2ddc _cLBS1 |
||
| 999 |
_c6524 _d6524 |
||